000 00504pab a2200181 454500
008 180718b2010 xxu||||| |||| 00| 0 eng d
100 _aHughes, Shannon
245 _aUnderstanding the assessment of psychotropic drug harms in clinical trials to improve social workers' role in medication monitoring
260 _c2010
300 _ap.105-15.
362 _aApr
650 _aSocial workers
650 _aDrugs
700 _aCohen, David
773 _aSocial Work
908 _aN
909 _a86543
999 _c86543
_d86543